000 01445namaa22003491i 4500
003 EG-GICUC
005 20260613124233.0
008 260613m1993 ua ||||gr|||| 000 0 ara d
017 _a1993 / 1997
_bدار الكتب والوثائق القومية(مصر)
020 _a9770132535
040 _aEG-GiCUC
_bara
_cEG-GiCUC
_dEG-GiCUC
_erda
043 _af-ua---
082 0 4 _221
_a962.06
_bH2327th
092 0 4 _221
_a962.06
_bH2327th
099 _a962.06 H2327th
100 1 _aحمروش، احمد
_eمؤلف.
245 _aثورة 23 يوليو /
_cأحمد حمروش.
264 _aالقاهرة :
_bالهيئة المصرية العامة للكتاب،
_c1993.
300 _aمجلدات ؛
_c24 سم
_bإيضاحيات، صور، مثيليات ؛ Illustrations
336 _2rdacontent
_atext
337 _2rdamedia
_aUnmediated
338 _2rdacarrier
_avolume
500 _aالمكتبة تقتني المجلد الاول.
504 _aيشتمل على ارجاعات ببليوجرافية
505 _aالجزء 3 . ثورة يوليو ... والديمقراطية : ثورة يوليو ... والاشتراكية
541 _aجابر عصفور ؛
_bالقاهرة ؛
_cإهداء ؛
_d2024.
650 1 _2qrmak
651 1 _2qrmak
_aمصر
_xالسياسة والحكومة.
651 1 _2qrmak
_aمصر
_xتاريخ
_yالعصر الحديث
_yثورة 1952
905 _aAsmaa
942 _2ddc
_cBK
_e21
_n0
999 _c180515
_d180515